| 000 | 00324nam a22001217a 4500 | ||
|---|---|---|---|
| 008 | 230703b xxu||||| |||| 00| 0 eng d | ||
| 082 |
_a351 _bCOL |
||
| 100 | _cCOL | ||
| 245 |
_aGender Responsive Budget Initiatives _bA Report to Commonwealth Finance Ministers |
||
| 260 | _c2001 | ||
| 300 | _avarious paging | ||
| 942 |
_2ddc _cBK |
||
| 999 |
_c3224 _d3224 |
||